000 01311pam a2200289 a 4500
005 20150924131919.0
008 950103s1995 coua b 001 0 eng
020 _a0813317177 (alk. paper)
020 _a0813317185 (pbk. : alk. paper)
040 _aDLC
_cDLC
_dDLC
041 _aeng
082 0 0 _a338.16
_bA468a
100 1 _aAltieri, Miguel A.
_910406
245 1 0 _aAgroecology :
_bthe science of sustainable agriculture
_cMiguel A. Altieri, with contributions by John G. Farrell ... [et al.].
250 _a2nd ed.
260 _aBoulder, Colo. :
_bWestview Press ;
_aLondon :
_bIT Publications,
_c1995.
300 _axii, 433 p. :
_bill. ;
_c24 cm.
504 _aIncludes bibliographical references (p. 381-411) and index.
650 0 _aAgricultural ecology.
_924845
650 0 _adesigning sustainable Agroecosystems
_939621
650 0 _atraditional Agriculture
_939622
856 4 2 _3Contributor biographical information
_uhttp://www.loc.gov/catdir/enhancements/fy0831/95000021-b.html
856 4 2 _3Publisher description
_uhttp://www.loc.gov/catdir/enhancements/fy0831/95000021-d.html
906 _a7
_bcbc
_corignew
_d1
_eocip
_f19
_gy-gencatlg
942 _2ddc
_cLIBRO
999 _c1024
_d1024